Supercharging supply chains: new ways to increase value through global operational excellence

Salvato in:
Dettagli Bibliografici
Autori principali: Tyndall, Gene (Autore), Gopal, Christopher (Autore), Partsch, Wolfgang (Autore), Kamauff, John (Autore)
Natura: Libro
Lingua:inglese
Pubblicazione: Nueva York John Wiley 1998
Soggetti:
Tags: Aggiungi Tag
Nessun Tag, puoi essere il primo ad aggiungerne!!

MARC

LEADER 00000nam a2200000 a 4500
001 UCL9428
003 CL-VaPUC
008 040806e19980000US |||||||||||||||||eng|d
020 |a 0471254371 
082 0 4 |a 658.7  |b TYN  |2 21 
100 0 |a Tyndall, Gene  |e author  |9 487265 
700 0 |a Gopal, Christopher  |e author  |9 487266 
700 0 |a Partsch, Wolfgang  |e author  |9 487267 
700 0 |a Kamauff, John  |e author  |9 487268 
245 1 0 |a Supercharging supply chains: new ways to increase value through global operational excellence 
300 |a 269 p 
942 |c BK 
945 |d 20040806 00:00:00  |a cmena 
260 |a Nueva York  |b John Wiley  |c 1998 
650 0 |a Cadena de abastecimiento  |9 455793 
650 0 |a Gestión de la producción   |9 259467 
650 0 |a Planificación estratégica   |9 259735 
650 7 |a LOGISTICA  |2 CL-VaPUC  |9 485423 
650 0 |a Administración de materiales   |9 392207 
583 |a last modification  |c 20040806 00:00:00  |k Rodrigo Vera 
999 |c 310222  |d 310220 
952 |0 0  |1 0  |4 0  |6 658_700000000000000_TYN_1998  |7 0  |8 A  |9 378482  |a BIBING  |b BIBING  |d 2019-11-21  |i 404746K  |o 658.7 TYN 1998  |p 404746K  |r 2025-01-20  |w 2019-11-21  |y BK  |k EII